Serie A 2020/2021 - Statistics

Statistiche generali
  • Questo quiz è stato fatto 560 volte
  • Il punteggio medio è 17 su 20
Statistiche sulle risposte
Risposta % Corretto
Inter
99%
Milan
98%
Juventus
97%
Roma
96%
Lazio
94%
Atalanta
93%
Napoli
92%
Bologna
91%
Genoa
89%
Cagliari
88%
Fiorentina
88%
Torino
87%
Udinese
87%
Sampdoria
86%
Sassuolo
85%
Verona
83%
Benevento
69%
Parma
67%
Spezia
67%
Crotone
57%
Nessun quiz corrispondente trovato
Distribuzione punteggi
Percentuale di utenti per punteggio
Percentile per numero di risposta
I tuoi punteggi nel tempo
Non hai fatto questo quiz